Word Ladder: Arm Ender Quiz Stats

Quiz Updated Feb 7, 2015

Challenge
Share
Tweet
Embed
Score 0/20 Timer 02:00
0 Plays Today
Clue 4-Letter Word % Correct
HairlessBALD
96.9%
Fourth fingerRING
96.5%
A group of musiciansBAND
96%
Type of tropical treePALM
94.6%
Put up a pictureHANG
94.4%
Clenched fingersFIST
94.4%
Common gum flavoringMINT
94.3%
Pushed the doorbellRANG
93.5%
Famed Chinese dynastyMING
92.5%
Go without foodFAST
90.8%
Clue 4-Letter Word % Correct
Fine droplets of waterMIST
90.3%
Soothing remedyBALM
89.7%
A set of cards or 4 inchesHAND
89.4%
DesireWANT
87%
Rolling surfWAVE
85.7%
Decrease, like the moonWANE
85.3%
Finger countFIVE
84.2%
The one you like the mostFAVE
82.3%
Bide your timeWAIT
79.3%
___ accompli: an irreversible thingFAIT
77.7%

Today's Daily Dose

You're not logged in!

Compare scores with friends on all Sporcle quizzes.
Sign Up with Email
OR
Log In

You Might Also Like...

Show Comments

Extras

Top Quizzes Today


Score Distribution

Your Account Isn't Verified!

In order to create a playlist on Sporcle, you need to verify the email address you used during registration. Go to your Sporcle Settings to finish the process.